000 00936cam a22002174a 4500
005 20250605164109.0
008 250528s ||||||||||||||||||||||||d
035 _a17822
020 _a9781617754449
040 _aGR-AtMCL
_bgre
_dGR-AtMCL
_eAACR2
245 1 _aChasing Water / Elegy of an Olympian
260 _c2016
300 _a320
520 _aA provocative and refreshingly honest redemption memoir. Preface, The Dive, The Ready Room, All in the Game, Gold, The Iron Fence, A Nervous Condition, Experiments, Over the Water, The Heat, Wet above Black Bough, Turbulence, In a Dark Pool, Brother Saint, Lethe's Edge, Serpent Skin, Into the Flood, The Crystalis, The Resurfacing, Meditations, The Year of the Water Dragon, Still Water, Epilogue, Appendixes.
700 1 _aAkashic Books
_94093
700 1 _aErvin Anthony
_94094
700 1 _aMarkides Constantine
_94095
942 _cBK
999 _c3222
_d3222